Game programming gems 6
Gardado en:
| Formato: | Libro |
|---|---|
| Idioma: | Undetermined |
| Publicado: |
Boston, MA.
Charles River Media
2006
|
| Những chủ đề: | |
| Các nhãn: |
Engadir etiqueta
Sen Etiquetas, Sexa o primeiro en etiquetar este rexistro!
|
| Thư viện lưu trữ: | Trung tâm Học liệu Trường Đại học Cần Thơ |
|---|
| LEADER | 00520nam a2200193Ia 4500 | ||
|---|---|---|---|
| 001 | CTU_124408 | ||
| 008 | 210402s9999 xx 000 0 und d | ||
| 020 | |c 933000 | ||
| 082 | |a 794.81526 | ||
| 082 | |b G192 | ||
| 245 | 0 | |a Game programming gems 6 | |
| 245 | 0 | |c Edited by Mike Dickheiser | |
| 260 | |a Boston, MA. | ||
| 260 | |b Charles River Media | ||
| 260 | |c 2006 | ||
| 650 | |a Computer games | ||
| 650 | |x Programming,Computer graphics | ||
| 904 | |i Minh | ||
| 980 | |a Trung tâm Học liệu Trường Đại học Cần Thơ | ||